Arcyana famous. Atlas photographique de la dorsale médio-atlantique: rift et le faille transformante par 3000 mètres de fond

Guardat en:
Dades bibliogràfiques
Autors principals: Cheminée, Jean-Louis (Autor), Hekinian, Roger (Autor), Le Pichon, Xavier (Autor), Choukroune, Pierre (Autor), Francheteau, Jean (Autor), Bellaiche, Gilbert (Autor), Needham, David (Autor)
Format: Llibre
Idioma:francès
anglès
Publicat: París Gauthier-Villars 1978
Matèries:
Etiquetes: Afegir etiqueta
Sense etiquetes, Sigues el primer a etiquetar aquest registre!

MARC

LEADER 00000nam a2200000 a 4500
001 UCR4930
003 CL-VaPUC
008 980320e19780000FR |||||||||||||||||fre|d
041 0 7 |a fre  |2 CL-VaPUC 
041 0 7 |a eng  |2 CL-VaPUC 
082 0 4 |a 551.461  |b CHE  |2 21 
100 0 |a Cheminée, Jean-Louis  |e author  |9 405510 
700 0 |a Hekinian, Roger  |e author  |9 405511 
700 |a Le Pichon, Xavier  |e author  |9 458546 
700 0 |a Choukroune, Pierre  |e author  |9 405513 
700 0 |a Francheteau, Jean  |e author  |9 405514 
700 0 |a Bellaiche, Gilbert  |e author  |9 405515 
700 0 |a Needham, David  |e author  |9 405516 
245 1 0 |a Arcyana famous. Atlas photographique de la dorsale médio-atlantique: rift et le faille transformante par 3000 mètres de fond 
246 1 0 |a Photographic atlas of the mid-atlantic ridge: rift and transform fault at 3000 meters depth 
300 |a 126 p 
942 |c BK 
945 |d 19980320 00:00:00  |a crobeson 
260 |a París  |b Gauthier-Villars  |c 1978 
650 0 |a Oceanografía  |9 260014 
650 0 |a Geología submarina   |9 259962 
650 0 |a Mapas  |9 260844 
651 7 |a OCEANO ATLANTICO  |2 CL-VaPUC  |9 262204 
583 |a last modification  |c 19980320 00:00:00  |k Rodrigo Vera 
999 |c 267712  |d 267710